| 000 | 00441nam a2200157Ia 4500 | ||
|---|---|---|---|
| 003 | IQ-KOUCL | ||
| 041 | _aArabic | ||
| 082 | _a230,1 cut-944 م | ||
| 100 | _a20260118u\\\\\\\\\\\y0engy0103\\\\ba | ||
| 100 | _aللحافظ زكي الدين المنذري | ||
| 245 | 0 | _aمختصر صحيح مسلم | |
| 250 | _aط1 | ||
| 260 |
_bجمعية احياء التراث الاسلامي _aالكويت _c2022 |
||
| 300 | _a638 | ||
| 942 | _cBk | ||
| 999 |
_c186341 _d186341 |
||